MDQL
is popping MORE tags! Check the
thread
!
Quizzes
Events
Quiz Creation
Community
Videos
Private Events
Remove Ads
Sign In
Join for FREE
Feedback
Dark Mode
Quiz Categories
Sports
Geography
Music
Movies
Television
Just For Fun
Miscellaneous
History
Literature
Language
Science
Gaming
Entertainment
Religion
Holiday
For Kids
Quiz Lab
Recent
Popular Today
Quiz Kudos Today
Editor Picks
Curator Picks
Quizzes by...
Day
Popularity
Type
Ratings
Length
Year
Community
Subscriptions
Recent Discussions
Orange Saloon
Badges
Playlists
Quests
Create
Leaderboards
Showdown
Live 5
Trivia Bingo
Activity
Puzzle Library
Sporcle Events
Private Events
Virtual Trivia
Globe League
Become a Host
Pub Owners
SporcleCon
Opinionation
Our Games
Videos
Blog
Mobile Apps
Partnerships
Remove Ads and Go Orange
Feedback
Sports
Athletes
MLB
NBA
NHL
NFL
Soccer
Sports Teams
WWE
NCAA
Football
Premier League
Basketball
Baseball
Hockey
Golf
Tennis
Cricket
Rugby
Auto Racing
Olympics
World Cup
Sports
Athletes
MLB
NBA
NHL
NFL
Soccer
Sports Teams
WWE
NCAA
Football
Premier League
Basketball
Baseball
Hockey
Golf
Tennis
Cricket
Rugby
Auto Racing
Olympics
World Cup
Random Quiz
Search Sporcle
×
Quiz Lab
Quiz Lab
Sports
Soccer
Type in answers that appear in a list
Type in answers that appear in a list
Classic
Best Score? Go Orange.
Italian Soccer Teams in Serie A Stats
Can you name the Italian Soccer Teams who played at least one season in Serie A?
By
mucciniale
10m
67 Questions
6,796 Plays
6,796 Plays
6,796 Plays
Comments
Comments
Give Quiz Kudos
Give Quiz Kudos
-
- Ratings
hide this ad
More Info
Replay
Link that replays current quiz
Next Quiz
Link to next quiz in quiz playlist
You Got
0%
They Got
Avg Score
53%
Avg Friend Score
Upgrade to see
Score Distribution
Jump to the score distribution portion of the page
Score
0/67
Timer
10:00
1
Play Today
Seasons
Team
% Correct
88
AC Milan
99.1%
89
Juventus
99.1%
90
Internazionale Milano
99%
89
Roma
97.7%
79
Lazio
95.9%
76
Napoli
94.4%
84
Fiorentina
91.9%
78
Torino
90.4%
65
Sampdoria
86%
27
Parma
85.5%
49
Udinese
84.9%
55
Genoa
83.7%
29
Palermo
83.4%
61
Atalanta Bergamasca
83.1%
31
Verona
81.2%
75
Bologna
81%
42
Cagliari
80.9%
17
Chievo
78.4%
30
Bari
75.1%
9
Sassuolo
74.7%
23
Brescia
69.9%
16
Lecce
68.6%
17
Catania
64%
13
Venezia
61.9%
14
Empoli
61.8%
18
Livorno
61.3%
2
Benevento
60.7%
7
Pescara
57%
9
Siena
55.1%
19
SPAL
54.9%
13
Perugia
53%
16
Ascoli
51.9%
9
Reggina
50.7%
7
Pisa
49.8%
Seasons
Team
% Correct
30
Vicenza
49.7%
3
Crotone
49.5%
2
Frosinone
49.2%
13
Cesena
45.7%
3
Reggiana
45.5%
13
Modena
44.2%
4
Salernitana
44.1%
13
Como
43.2%
8
Piacenza
43.1%
5
Messina
42.7%
6
Pro Vercelli
41.5%
13
Novara
41.2%
1
Carpi
39.5%
16
Padova
39.2%
11
Foggia
39.2%
7
Cremonese
38.4%
2
Ancona
34.9%
26
Triestina
32.6%
10
Avellino
31.8%
1
Treviso
31.7%
2
Ternana
28.1%
7
Catanzaro
26.2%
2
Spezia
24.6%
13
Alessandria
24.5%
7
Mantova
24.1%
7
Varese
23.8%
12
Pro Patria
20.9%
3
Lecco
20.3%
4
Casale
19.5%
1
Pistoiese
18.5%
8
Lucchese
18.4%
3
Legnano
11.3%
8
Sampierdarenese
11.1%
Quiz Playlist
Details
Report
Send in Message
Add To Playlist
More Info:
Teams that have joined "Serie A" for 1 season or more. Serie A started in 1929.
Classic:
Type in answers that appear in a list
Quiz Source
Last Updated: Jun 15, 2020
Quiz Scoreboard
CHALLENGE
Sign Up to Join the Scoreboard
Show All
Scores
Hide
Comments
May contain spoilers
Recently Published
Holiday 10x10 Sorting Gallery
by lukepisani3
Holiday
15m
Two Season TV Shows II
by 123Four
Television
10m
Image Sorting: Flags VI
by Barbecue
Geography
2m
More to Explore
Quiz From the Vault
Featured Blog Post
14 Easter Pick-up Lines to Find Eggs With
hide this ad
You Might Also Like...
Tags
Soccer Quiz
Football Clubs
Italian Football
Italy
Serie A
Today's Top Quizzes in Sports
Browse Sports
hide this ad
Today's Top Quizzes in Soccer
Browse Soccer
Top Contributed Quizzes in Sports
1
Les meilleurs buteurs des matchs entre le PSG et l’OM
2
Les entraîneurs de l'OM et du PSG au 21e siècle
3
2022 World Cup Stars
4
Les joueurs passés par le PSG et l'OM
5
Players with Multiple 50 Home Run Seasons
6
FIFA Club World Cup Champions
7
Criteria MLB: Left Handed Sluggers
8
Les joueurs passés par le LOSC et le RC Lens
9
Top 10 NHL Goal Scorers of All Time
10
NBA Logic Puzzle 2.0
Explore More
Trending Topics
Disney
Crossword
Kpop
NBA
Marvel
Anime
Harry Potter
NFL
WWE
Soccer
The Office
Song
Pokémon
Country
Puzzle
hide this ad
More By:
mucciniale
Quiz
Plays
Rating
Category
Featured
Created
United States Physical Geography
112,882
4.75
Geography
Jun 24, 2020
Famous British Men in Movies
69,591
4.73
History
Jun 1, 2020
2019 Oscar Nominees Movie Posters
63,510
4.75
Movies
Jun 28, 2020
2014 Oscar Nominees Movie Posters
60,313
4.80
Movies
Jul 8, 2020
2012 Oscar Nominees Movie Posters
54,903
4.73
Movies
Jul 13, 2020
Go to Creator's Profile
Score Distribution
Quiz Creator Spotlight
mucciniale
Follow
Send a Message
Quizzes Created
-
Created Quiz Play Count
-
More By This Creator
Popular Quizzes Today
1
Find the US States - No Outlines Minefield
2
Colored Red Africa Blitz
3
Find the 'City' Movie
4
The Countries of the World
5
5x2 Blitz: Bands
6
Find the Countries of Europe - No Outlines Minefield
7
Find the US States
8
US States
More Sports Quizzes
2001 - 2020 Goalscorers in National Squads: France
Quiz Lab
Trending Quizzes
Colored Red Europe Blitz I
Colored Red Africa Blitz II
Colored Red Europe Blitz II
Even More Two Season TV Shows
Colored Red Africa Blitz III
Recently Updated
Odd Team Out - Big 4 Players
pecheneg
Quick Pick: 20 Twenties
pecheneg
March Madness Men's Triple Doubles
pecheneg
How Do You Spell That?
pecheneg
Godzilla Movies
pecheneg
Grab Bag: 4-10 Letters
pecheneg
2024 March Madness Bracket
pecheneg
Famous TV Couples
Peacemaker
Champions League XIs: Real Madrid
pecheneg
Largest US Cities 1790-2010
pecheneg
Trending Topics
Kpop
Crossword
Marvel
Harry Potter
Disney
Anime
NBA
WWE
Pokémon
Country
NFL
Puzzle
The Office
Song
Soccer
Your Account Isn't Verified!
In order to create a playlist on Sporcle, you need to verify the email address you used during registration. Go to your
Sporcle Settings
to finish the process.
Report this User
Report this user for behavior that violates our
Community Guidelines
.
Details:
Send Report
Go to the Sporcle.com Mobile Site →
Comments